Football Tic-Tac-Toe #5 - Statistics

General Stats
  • This quiz has been taken 5,671 times
    5,014 since last reset
  • The average score is 5 of 9
Answer Stats
Category Turn # Best Examples % Correct
MCI/CHE 27 Frank Lampard | Kevin De Bruyne | Raheem Sterling
86%
BD/MUN 5 Bobby Charlton | Cristiano Ronaldo | George Best
84%
MCI/Spain 23 Aymeric Laporte | David Silva | Rodri
81%
BAY/Spain 7 Pepe Reina | Thiago | Xabi Alonso
63%
MCI/MUN 34 Andy Cole | Carlos Tévez | Peter Schmeichel
59%
BAY/CHE 6 Arjen Robben | Brian Laudrup | Michael Ballack
49%
BAY/MUN 5 Bastian Schweinsteiger | Mark Hughes | Owen Hargreaves
46%
BD/Spain 2 Alfredo Di Stéfano | Luis Suárez
41%
BD/CHE 3 Andriy Shevchenko | George Weah | Ruud Gullit
36%
No matching quizzes found
Score Distribution
Percent of People with Each Score
Percentile by Number Answered
Your Score History
You have not taken this quiz since the last reset